• 首页
  • 本馆介绍
  • 公告通知
  • 最新文献
  • 馆藏检索
  • 电子资源
  • 读者导购
  • 参考咨询
  • 我的图书馆
  • 登录
  • 详细信息显示
  • 放入我的书架
  • 预约/预借图书
  • 作者相关作品
  • 分类相关作品
  • 丛书相关作品
  • 出版社相关作品

书目信息

  • 表格格式
  • 工作单格式
  • 卡片格式
题名:
宝石投资圣典
    
 
作者: 肖秀梅 , 屈奋雄 编著
分册:  
出版信息: 北京   化学工业出版社  2014
页数: 386页
开本: 24cm
丛书名:
单 册:
中图分类: F768.7
科图分类:
主题词: 宝石--投资--基本知识
电子资源:
ISBN: 978-7-122-17575-5
000 00949nam0 2200253 450
001 338915
005 20150603153039.03
010    @a978-7-122-17575-5@b精装@dCNY128.00
100    @a20131212d2014 em y0chiy50 ea
101 0  @achi
102    @aCN@b110000
105    @aa z 000yy
106    @ar
200 1  @a宝石投资圣典@Abao shi tou zi sheng dian@d= Gem investment bible@f肖秀梅, 屈奋雄编著@zeng
210    @a北京@c化学工业出版社@d2014
215    @a386页@c图@d24cm
330    @a本书以字典条目形式为主, 介绍了宝石、玉石、贵金属, 几乎涵盖了普通消费者在国内市场上能够见到的珠宝玉石。书中介绍了每种宝石的文化、特征、产地、分类、质量评价、市场行情、优化处理、相似宝石、保养等方面知识。
510 1  @aGem investment bible@zeng
606 0  @a宝石@x投资@x基本知识
690    @aF768.7@v5
701  0 @a肖秀梅@Axiao xiu mei@c(女, @f1963)@4编著
701  0 @a屈奋雄@Aqu fen xiong@4编著
801  0 @aCN@b卓展宏图@c20150525
905    @dF768.7@e41@f2
    
    宝石投资圣典= Gem investment bible/肖秀梅, 屈奋雄编著.-北京:化学工业出版社,2014
    386页:图;24cm
    
    
    ISBN 978-7-122-17575-5(精装):CNY128.00
    本书以字典条目形式为主, 介绍了宝石、玉石、贵金属, 几乎涵盖了普通消费者在国内市场上能够见到的珠宝玉石。书中介绍了每种宝石的文化、特征、产地、分类、质量评价、市场行情、优化处理、相似宝石、保养等方面知识。
●
相关链接 在E读中查询图书 在五车中查询图书 在当当中查询图书 在豆瓣中查询图书


正题名:宝石投资圣典     索取号:F768.7/41         预约/预借

序号 登录号 条形码 馆藏地/架位号 状态 备注
1 861126   208611260   第一样本阅览室/ [索取号:F768.7/41] 在馆    
2 861127   208611279   第一借阅区/ [索取号:F768.7/41] 在馆    
唐山师范学院图书馆 欢迎您!
大连网信软件有限公司© 版权所有